<?xml version="1.0" encoding="UTF-8"?><?xml-stylesheet type="text/xsl" href="static/style.xsl"?><OAI-PMH xmlns="http://www.openarchives.org/OAI/2.0/" xmlns:xsi="http://www.w3.org/2001/XMLSchema-instance" xsi:schemaLocation="http://www.openarchives.org/OAI/2.0/ http://www.openarchives.org/OAI/2.0/OAI-PMH.xsd"><responseDate>2026-06-06T04:18:59Z</responseDate><request verb="GetRecord" identifier="oai:riuma.uma.es:10630/39153" metadataPrefix="marc">https://riuma.uma.es/rest/oai/request</request><GetRecord><record><header><identifier>oai:riuma.uma.es:10630/39153</identifier><datestamp>2026-02-03T10:51:31Z</datestamp><setSpec>com_10630_2254</setSpec><setSpec>col_10630_37953</setSpec></header><metadata><record xmlns="http://www.loc.gov/MARC21/slim" xmlns:dcterms="http://purl.org/dc/terms/" xmlns:doc="http://www.lyncode.com/xoai" xmlns:xsi="http://www.w3.org/2001/XMLSchema-instance" xsi:schemaLocation="http://www.loc.gov/MARC21/slim http://www.loc.gov/standards/marcxml/schema/MARC21slim.xsd">
   <leader>00925njm 22002777a 4500</leader>
   <datafield ind2=" " ind1=" " tag="042">
      <subfield code="a">dc</subfield>
   </datafield>
   <datafield ind2=" " ind1=" " tag="720">
      <subfield code="a">Puerma-Bonilla, Javier</subfield>
      <subfield code="e">author</subfield>
   </datafield>
   <datafield ind2=" " ind1=" " tag="260">
      <subfield code="c">2024-10-07</subfield>
   </datafield>
   <datafield ind2=" " ind1=" " tag="520">
      <subfield code="a">Este trabajo tiene como objetivo avanzar en el análisis de la fonología y de la morfología de la Campiña de Córdoba entre 1740 y 1820, a partir de un corpus epistolar de proximidad comunicativa perteneciente a la misma saga familiar en la villa de Santaella. Estudiaremos el vocalismo, el consonantismo y la forma -(s-z)g- en verbos terminados en -(e)cer y en -cir. Estableceremos un diálogo de base teórica y empírica con el objeto de determinar el alcance de los rasgos de nuestro corpus en el espacio hispanohablante de la época y, con base en lo anterior, discutir la pertinencia de algunas etiquetas de cobertura frecuentes en la descripción de dichos rasgos en la historia del español.</subfield>
   </datafield>
   <datafield ind1="8" ind2=" " tag="024">
      <subfield code="a">Puerma Bonilla, J. (2024). La Campiña de Córdoba: fonología y morfología. El caso de Santaella (1740-1820): entre España y América. Revista De Filología Española, 104(1), 1428. https://doi.org/10.3989/rfe.2024.1428</subfield>
   </datafield>
   <datafield ind1="8" ind2=" " tag="024">
      <subfield code="a">https://hdl.handle.net/10630/39153</subfield>
   </datafield>
   <datafield ind1="8" ind2=" " tag="024">
      <subfield code="a">10.3989/rfe.2024.1428</subfield>
   </datafield>
   <datafield tag="653" ind2=" " ind1=" ">
      <subfield code="a">Español - Córdoba (Provincia)</subfield>
   </datafield>
   <datafield tag="653" ind2=" " ind1=" ">
      <subfield code="a">Dialectología</subfield>
   </datafield>
   <datafield tag="653" ind2=" " ind1=" ">
      <subfield code="a">Fonología</subfield>
   </datafield>
   <datafield ind2="0" ind1="0" tag="245">
      <subfield code="a">La Campiña de Córdoba: fonología y morfología. El caso de Santaella (1740-1820): entre España y América.</subfield>
   </datafield>
</record>
</metadata></record></GetRecord></OAI-PMH>